Central Library OPAC University of Rajshahi

Lectures on differential and integral equations / (Record no. 7383)

MARC details
000 -LEADER
fixed length control field 01051nam a22003251 4500
001 - CONTROL NUMBER
control field 7383
003 - CONTROL NUMBER IDENTIFIER
rucl marc code BD-RjUL
005 - DATE AND TIME OF LATEST TRANSACTION
control field 20211208234415.0
008 - FIXED-LENGTH DATA ELEMENTS--GENERAL INFORMATION
fixed length control field 140113s1960 nyua b 001 0 eng
035 ## - SYSTEM CONTROL NUMBER
System control number (BD-RjUL)7426
040 ## - CATALOGING SOURCE
Original cataloging agency DLC/ICU
Transcribing agency ICU
Modifying agency DLC
-- BD-RjUL
Language of cataloging eng
041 1# - LANGUAGE CODE
Language code of text/sound track or separate title engjpn
082 00 - DEWEY DECIMAL CLASSIFICATION NUMBER
Classification number 517.38
Author mark and year YOL 1960
100 1# - MAIN ENTRY--PERSONAL NAME
Personal name Yoshida, Kōsaku,
Dates associated with a name 1909-
9 (RLIN) 23068
245 10 - TITLE STATEMENT
Title Lectures on differential and integral equations /
Statement of responsibility, etc. Kōsaku Yoshida.
260 ## - PUBLICATION, DISTRIBUTION, ETC. (IMPRINT)
Place of publication, distribution, etc. New York :
Name of publisher, distributor, etc. Interscience Publishers,
Date of publication, distribution, etc. 1960.
300 ## - PHYSICAL DESCRIPTION
Pagination ix, 220 p. :
Illustrations diagrs. ;
Size 24 cm.
490 1# - SERIES STATEMENT
Series statement Pure and applied mathematics,
Volume/sequential designation v. 10
500 ## - GENERAL NOTE
General note Translation of [Sekibun hōteishiki ron]
504 ## - BIBLIOGRAPHY, ETC. NOTE
Bibliography, etc Bibliography: p. 217-218.
Bibliography, etc Includes index.
650 #0 - SUBJECT ADDED ENTRY--TOPICAL TERM
Topical term or geographic name as entry element Differential equations.
9 (RLIN) 23069
Topical term or geographic name as entry element Integral equations.
9 (RLIN) 19900
830 #0 - SERIES ADDED ENTRY--UNIFORM TITLE
Volume number/sequential designation v. 10.
Uniform title Pure and applied mathematics (Interscience Publishers) ;
942 ## - ADDED ENTRY ELEMENTS (KOHA)
Source of classification or shelving scheme Dewey Decimal Classification
Koha item type Books
Holdings
Lost status Source of classification or shelving scheme Damaged status Not for loan Collection code Permanent Location Current Location Shelving location Date acquired Source of acquisition Cost, normal purchase price Total Checkouts Full call number Date last seen Copy number Koha item type
  Dewey Decimal Classification   Not For Loan Non-fiction Central Library, University of Rajshahi Central Library, University of Rajshahi   04/02/1963 Zeitlinger 53.00   517.38 YOL 1960 13/01/2014 C-1 Books